MARC details
| 000 -LEADER |
| fixed length control field |
01273 a2200337 4500 |
| 001 - CONTROL NUMBER |
| control field |
200130810 |
| 003 - CONTROL NUMBER IDENTIFIER |
| control field |
TR-AnTOB |
| 005 - DATE AND TIME OF LATEST TRANSACTION |
| control field |
20210414100606.0 |
| 008 - FIXED-LENGTH DATA ELEMENTS--GENERAL INFORMATION |
| fixed length control field |
181130b xxu||||| |||| 00| 0 tur d |
| 020 ## - INTERNATIONAL STANDARD BOOK NUMBER |
| International Standard Book Number |
9228182377 |
| 040 ## - CATALOGING SOURCE |
| Original cataloging agency |
TR-AnTOB |
| Transcribing agency |
TR-AnTOB |
| 041 ## - LANGUAGE CODE |
| Language code of text/sound track or separate title |
Türkçe |
| 050 ## - LIBRARY OF CONGRESS CALL NUMBER |
| Classification number |
JZ1318 |
| Item number |
.K8719 2006 |
| 090 ## - LOCALLY ASSIGNED LC-TYPE CALL NUMBER (OCLC); LOCAL CALL NUMBER (RLIN) |
| Classification number (OCLC) (R) ; Classification number, CALL (RLIN) (NR) |
JZ1318 |
| Local cutter number (OCLC) ; Book number/undivided call number, CALL (RLIN) |
.K8719 2006 |
| 110 2# - MAIN ENTRY--CORPORATE NAME |
| Corporate name or jurisdiction name as entry element |
International Labour Office |
| 9 (RLIN) |
27101 |
| 245 10 - TITLE STATEMENT |
| Title |
Adil bir küreselleşme : |
| Remainder of title |
herkes için fırsatlar yaratılması / |
| Statement of responsibility, etc. |
Küreselleşmenin Sosyal Boyutu Dünya Komisyonu ; çev. TİSK (Türkiye İşveren Sendikaları Konfederasyonu). |
| 264 #1 - PRODUCTION, PUBLICATION, DISTRIBUTION, MANUFACTURE, AND COPYRIGHT NOTICE |
| Place of production, publication, distribution, manufacture |
Geneva: |
| Name of producer, publisher, distributor, manufacturer |
International Labour Organization, |
| Date of production, publication, distribution, manufacture, or copyright notice |
2006 |
| 300 ## - PHYSICAL DESCRIPTION |
| Extent |
xxii, 149 p. : |
| Other physical details |
ill. ; |
| Dimensions |
28 cm. |
| 336 ## - CONTENT TYPE |
| Source |
rdacontent |
| Content type term |
text |
| Content type code |
txt |
| 337 ## - MEDIA TYPE |
| Source |
rdamedia |
| Media type term |
unmediated |
| Media type code |
n |
| 338 ## - CARRIER TYPE |
| Source |
rdacarrier |
| Carrier type term |
volume |
| Carrier type code |
nc |
| 490 0# - SERIES STATEMENT |
| Series statement |
Uluslararası Çalışma Örgütü |
| Volume/sequential designation |
2006. |
| 504 ## - BIBLIOGRAPHY, ETC. NOTE |
| Bibliography, etc. note |
|
| 650 #7 - SUBJECT ADDED ENTRY--TOPICAL TERM |
| Topical term or geographic name entry element |
Küreselleşme |
| General subdivision |
Sosyal yönleri |
| Source of heading or term |
etuturkob |
| 9 (RLIN) |
12249 |
|
| Topical term or geographic name entry element |
Globalization |
| General subdivision |
Social aspects |
| 9 (RLIN) |
24167 |
|
| Topical term or geographic name entry element |
Küreselleşme |
| General subdivision |
Ekonomik yönleri |
| 9 (RLIN) |
85802 |
|
| Topical term or geographic name entry element |
Globalization |
| General subdivision |
Economic aspects |
| 9 (RLIN) |
1906 |
| 710 22 - ADDED ENTRY--CORPORATE NAME |
| Corporate name or jurisdiction name as entry element |
Uluslararası Çalışma Örgütü |
| 9 (RLIN) |
40273 |
| 942 ## - ADDED ENTRY ELEMENTS (KOHA) |
| Koha item type |
Book |
| Source of classification or shelving scheme |
Library of Congress Classification |